000 01013nam a2200241Ia 4500
999 _c35879
_d35879
001 1770
003 GE_BSU
005 20200422200956.0
008 181216s1984 ge |||||||||||||| ||geo||
040 _cGE_BSU
041 _ageo
080 _a61(083) ს–27
245 _aსაოჯახო მედიცინა /
_cშემდგ.: ვ. ალადაშვილი ; ქ. თაბუკაშვილი ; ვ. ალადაშვილის რედ.
264 _aთბილისი :
_bსაბჭოთა საქართველო,
_c1984.
300 _a592 გვ. :
_c 21 სმ.
500 _aსაძიებელი: გვ. 571-584.
653 _aსაოჯახო მედიცინა
653 _aმედიცინა
700 _a ალადაშვილი, ვ
_97956
700 _a თაბუკაშვილი, ქ
_97957
700 _a ალადაშვილი, ვ
_eრედაქტორი
_97956
942 _cBK
_2udc